| 000 | 00695cam a2200205 a 4500 | ||
|---|---|---|---|
| 020 | _a0915707144 : | ||
| 020 | _a0915707152 | ||
| 040 | _cDLC | ||
| 082 | _a338 DIS 1985 A020 Or. | ||
| 100 | 1 | _aBarker, Randolph | |
| 245 | 1 | 4 | _aThe rice economy of Asia / |
| 260 |
_aWashington, D.C. : _bResources for the Future ; _a[Baltimore, Md.] : _bDistributed by Johns Hopkins University Press, _cc1985 |
||
| 300 |
_a2 v. : _bill. ; _c29 cm |
||
| 500 | _aVol. 2 has special title: Appendix to The rice economy of Asia : rice statistics by country, tables with notes / Beth Rose | ||
| 650 | 0 | _aRice trade | |
| 700 | 1 | _aHerdt, Robert W., | |
| 700 | 1 | _aRose, Beth | |
| 700 | 1 | _aRose, Beth. | |
| 942 | _cEK | ||
| 999 |
_c12781 _d12781 |
||